[Event "Abu Dhabi op 24th"]
[Site "Abu Dhabi"]
[Date "2017.08.19"]
[Round "6"]
[White "Illingworth, Max"]
[Black "Sangma, Rahul"]
[Result "0-1"]
[WhiteElo "2506"]
[BlackElo "2325"]
[PlyCount "124"]
[EventDate "2017.08.14"]
[EventType "swiss"]
[EventRounds "9"]
[EventCountry "UAE"]
[SourceTitle "CBM 180 Extra"]
[Source "ChessBase"]
[SourceDate "2017.10.06"]
[SourceVersion "1"]
[SourceVersionDate "2017.10.06"]
[SourceQuality "1"]

1. e4 e5 2. Nf3 Nc6 3. Bc4 Bc5 4. 0-0 Nf6 5. d3 0-0 6. h3 a6 7. Re1 d6 8. a4 Be6 9. Bxe6 fxe6 10. c3 Nh5 11. b4 Ba7 12. Be3 Qf6 13. Kh2 Nf4 14. Bxa7 Rxa7 15. Ra2 Nxh3 16. Kxh3 Qh6+ 17. Nh4 g5 18. g3 Ne7 19. Qd2 Rf6 20. Rh1 gxh4 21. Qxh6 Rxh6 22. Kg2 Kg7 23. Rxh4 Rxh4 24. gxh4 Ra8 25. Rd2 Kh6 26. d4 Rg8+ 27. Kf1 exd4 28. cxd4 Rg4 29. Nc3 Rxh4 30. f3 Ng6 31. Kg1 Rh3 32. Rd3 Nf4 33. Re3 Rg3+ 34. Kf1 Rg2 35. d5 e5 36. Nd1 Rd2 37. Nf2 Rc2 38. Ng4+ Kg5 39. Rb3 h5 40. Ne3 Rc1+ 41. Kf2 b6 42. b5 a5 43. Ra3 h4 44. Ra2 Kh5 45. Nf5 Rc3 46. Ne3 Nd3+ 47. Kg2 Nf4+ 48. Kf2 Nd3+ 49. Kg2 Nc1 50. Ra1 Nb3 51. Re1 Nd4 52. Kf2 Nc2 53. Nxc2 Rxc2+ 54. Ke3 h3 55. f4 Rc3+ 56. Kd2 Rg3 57. fxe5 dxe5 58. Ke2 h2 59. Rh1 Rh3 60. Kf2 Kg4 61. Kg2 Rh7 62. Re1 h1Q+ 0-1